| 000 | 00460cam a2200193ua 4500 | ||
|---|---|---|---|
| 020 | _c6/- | ||
| 041 |
_aeng _h |
||
| 082 |
_a515.1 _bNAR/CA |
||
| 100 | _aNarayanan, S . | ||
| 245 |
_aCalculus / _cS Narayanan. _hTextual Documents |
||
| 250 |
_a9 / _b. |
||
| 260 |
_aMadras : _bMrs .Anandam Viswanathan , _c1965. |
||
| 300 | _a462 ; . | ||
| 365 | _a6/- | ||
| 504 | _a | ||
| 700 | 1 | _aPillai , Mnaicavachagom . | |
| 942 | _cBK | ||
| 999 |
_c2230 _d2230 |
||